Word Ladder: Simba's Song Quiz Stats

Quiz Updated Nov 23, 2014

Challenge
Share
Tweet
Embed
Score 0/20 Timer 02:00
2 Plays Today
Clue 4-Letter Word % Correct
Simpsons' sonBART
96.5%
Unable to♛CAN'T♛
93.4%
NakedBARE
93.3%
Bide your time♛WAIT♛
92.8%
To yearn for somethingWANT
92%
Not yoursMINE
91.3%
Fish catching lureBAIT
90.7%
A dull personBORE
88.6%
Portion of the brain or part of an earLOBE
87.9%
Actors of a film or playCAST
87.1%
Clue 4-Letter Word % Correct
Checkmate and this guy is toast♛KING!♛
86.1%
Carnal desireLUST
85.5%
Howard's 'A Beautiful ___'MIND
84.7%
RippedTORE
84.6%
Like a certain Ranger or StarLONE
84%
Survive a whileLAST
83.8%
Two points determine oneLINE
83.5%
Only/barely, or, fair/right♛JUST♛
83%
CaringKIND
82.1%
One of Hamlet's options♛TO--BE♛
81.7%

Today's Daily Dose

Word Ladder
'90s Movies

Quick Pick
'Fire' Movies

On This Day
June 19th II

You're not logged in!

Compare scores with friends on all Sporcle quizzes.
Join for Free
OR
Log In

You Might Also Like...

Show Comments

Extras

Top Quizzes Today


Score Distribution

Your Account Isn't Verified!

In order to create a playlist on Sporcle, you need to verify the email address you used during registration. Go to your Sporcle Settings to finish the process.

Report this User

Report this user for behavior that violates our Community Guidelines.

Details: